Southville International School and Colleges
Your cart is empty.
  • Cart
  • Lists
    Public lists Eva Luna New books Lux_list list_1
    Your lists Log in to create your own lists
  • Log in to your account
  • Your cookies
  • Search history
Southville International School and Colleges
  • Advanced search
  • Recent comments
  • Most popular
  • Libraries

Log in to your account

Log in with GOOGLE


If you do not have an external account, but do have a local account, you can still log in:

  1. Home
  2. MARC view: Saving the old apple tree :
Normal view MARC view ISBD view

Saving the old apple tree : (Record no. 104029)

[ view plain ]
MARC details
000 -LEADER
fixed length control field 00811nam a2200193 a 4500
005 - DATE AND TIME OF LATEST TRANSACTION
control field 20140412111312.0
008 - FIXED-LENGTH DATA ELEMENTS--GENERAL INFORMATION
fixed length control field 010326s19uu xx 00 eng d
020 ## - INTERNATIONAL STANDARD BOOK NUMBER
International Standard Book Number 0-7835-1312-7
050 ## - LIBRARY OF CONGRESS CALL NUMBER
Classification number REF 170
Item number C54Sa v.13
245 ## - TITLE STATEMENT
Title Saving the old apple tree :
Remainder of title a book about caring for the environment.
260 ## - PUBLICATION, DISTRIBUTION, ETC. (IMPRINT)
Place of publication, distribution, etc Asia :
Name of publisher, distributor, etc Time Life Asia,
Date of publication, distribution, etc 1997.
300 ## - PHYSICAL DESCRIPTION
Extent 29 p. ; ill.
440 ## - SERIES STATEMENT/ADDED ENTRY--TITLE
Title A Child's First Library of Values
500 ## - GENERAL NOTE
General note w/ casette tape
520 ## - SUMMARY, ETC.
Summary, etc To make way for a new railway, much-loved old apple tree in a quite country village is threatened with being cut down. As the adults of the village take up their saws and axes, it is up to the children to remind them of the importance of nature and environment.
650 ## - SUBJECT ADDED ENTRY--TOPICAL TERM
Topical term or geographic name as entry element Values
650 ## - SUBJECT ADDED ENTRY--TOPICAL TERM
Topical term or geographic name as entry element Environment - Fiction
Holdings
Withdrawn status Lost status Damaged status Home library Current library Shelving location Date acquired Source of acquisition Total Checkouts Full call number Barcode Date last seen Price effective from Koha item type
      Elizalde Library Elizalde Library Reference Section 03/26/2001     REF 170 C54Sa v.13 E6289 04/12/2014 04/12/2014 Books

Saving the old apple tree :

APA

(1997). Saving the old apple tree. Asia: Time Life Asia.

Chicago

1997. Saving the old apple tree. Asia: Time Life Asia.

Harvard

(1997). Saving the old apple tree. Asia: Time Life Asia.

MLA

Saving the old apple tree. Asia: Time Life Asia. 1997.

  • Place hold
  • Print
  • Cite
  • Add to your cart (remove)
  • Save record
    BIBTEX Dublin Core MARCXML MARC (non-Unicode/MARC-8) MARC (Unicode/UTF-8) MARC (Unicode/UTF-8, Standard) MODS (XML) RIS
  • More searches
    Search for this title in:
    Other Libraries (WorldCat) Other Databases (Google Scholar) Online Stores (Bookfinder.com) Open Library (openlibrary.org)

Exporting to Dublin Core...

SOUTHVILLE LIBRARY

Southville International School and Colleges Library

1281 Tropical Ave. Cor. Luxembourg St., BF Homes International, Las Pinas City

Tel. No. 8256374 / 252358 Loc. 117/146

Powered by Koha